United Kingdom North or South - Statistics

General Stats
  • This quiz has been taken 29 times
  • The average score is 18 of 20
Answer Stats
Question Answer % Correct
Scotland North
100%
Aberdeen North
100%
Shetland North
100%
Inverness North
100%
Dundee North
100%
London South
100%
English Channel South
100%
River Thames South
100%
Strait of Dover South
100%
Edinburgh North
97%
Belfast North
97%
Hebrides North
97%
Guernsey South
93%
River Forth North
90%
Moray Firth North
90%
Isle of Wight South
86%
Wales South
83%
Cardigan Bay South
83%
Celtic Sea South
34%
Sheffield South
17%
No matching quizzes found
Score Distribution
Percent of People with Each Score
Percentile by Number Answered
Your Score History
You have not taken this quiz